000 00295nam a2200133 i 4500
001 bg
100 1 _aKOWAŁKO, M. J.
245 0 _aHistorie ziołowe /
_cM.J. Kowałko.
260 _aLublin,
_c1986.
040 _cBPK
041 _apol
942 _cKS
008 s pl f |000 0 pol
999 _c3259
_d3259
856 _uhttp://koha.tu.koszalin.pl/cgi-bin/koha/opac-detail.pl?biblionumber=3259
_yKatalog online BPK